<?xml version="1.0" encoding="UTF-8"?>
<record
    xmlns:xsi="http://www.w3.org/2001/XMLSchema-instance"
    xsi:schemaLocation="http://www.loc.gov/MARC21/slim http://www.loc.gov/standards/marcxml/schema/MARC21slim.xsd"
    xmlns="http://www.loc.gov/MARC21/slim">

  <leader>03030cam a2200577 a 4500</leader>
  <controlfield tag="001">0003773599</controlfield>
  <controlfield tag="003">OSt</controlfield>
  <controlfield tag="005">20260630185614.0</controlfield>
  <controlfield tag="007">ta</controlfield>
  <controlfield tag="008">090909m20099999fr     g 6    000   fre  </controlfield>
  <datafield tag="020" ind1=" " ind2=" ">
    <subfield code="a">9782749305837 (v. 3)</subfield>
  </datafield>
  <datafield tag="040" ind1=" " ind2=" ">
    <subfield code="a">SDM</subfield>
    <subfield code="b">fre</subfield>
    <subfield code="d">QMBND</subfield>
  </datafield>
  <datafield tag="082" ind1="0" ind2="5">
    <subfield code="a">BD MAR v.03	</subfield>
    <subfield code="2">22bD742m</subfield>
  </datafield>
  <datafield tag="091" ind1="0" ind2=" ">
    <subfield code="a">MAR</subfield>
  </datafield>
  <datafield tag="100" ind1="1" ind2=" ">
    <subfield code="a">Douy&#xE9;, Sylvia,</subfield>
    <subfield code="d">1973-</subfield>
  </datafield>
  <datafield tag="245" ind1="1" ind2="0">
    <subfield code="a">Marie-Lune /</subfield>
    <subfield code="c">sc&#x148;ario, Douy&#xE9; ;dessin, Yllya.</subfield>
  </datafield>
  <datafield tag="260" ind1=" " ind2=" ">
    <subfield code="a">Issy-les-Moulineaux :</subfield>
    <subfield code="b">Vents d'Ouest,</subfield>
    <subfield code="c">2009-</subfield>
  </datafield>
  <datafield tag="300" ind1=" " ind2=" ">
    <subfield code="a">v. :</subfield>
    <subfield code="b">principalement des ill. en coul. ;</subfield>
    <subfield code="c">30 cm.</subfield>
  </datafield>
  <datafield tag="505" ind1="0" ind2=" ">
    <subfield code="a">v. 1. Je d&#xE9;pense donc je suis -- v. 2. Au secours, j'ai perdu ma meilleure amie! -- v. 3. Je suis trop love de lui! -- v. 4. C'est officiel-- je la d&#x165;este! -- v. 5. Help! j'ai la tt&#x30A;e  l&#x309;'envers -- v. 6. Ne me laisse pas tomber! -- v. 7. Ma nouvelle vie! -- v. 8. Plus moche la vie! -- v. 9. Je nage (presque) dans le bonheur -- v. 10. Retour aux sources</subfield>
  </datafield>
  <datafield tag="650" ind1=" " ind2="7">
    <subfield code="a">Marie-Lune (Personnage fictif : Douy)&#x30C;</subfield>
    <subfield code="v">Bandes dessin&#x11B;s</subfield>
    <subfield code="2">vmj</subfield>
  </datafield>
  <datafield tag="650" ind1=" " ind2="7">
    <subfield code="a">Adolescentes</subfield>
    <subfield code="v">Bandes dessin&#x11B;s</subfield>
    <subfield code="2">vmj</subfield>
  </datafield>
  <datafield tag="650" ind1=" " ind2="7">
    <subfield code="a">Magasins</subfield>
    <subfield code="v">Bandes dessin&#x11B;s</subfield>
    <subfield code="2">vmj</subfield>
  </datafield>
  <datafield tag="650" ind1=" " ind2="7">
    <subfield code="a">Consommation</subfield>
    <subfield code="v">Bandes dessin&#x11B;s.</subfield>
    <subfield code="2">vmj</subfield>
  </datafield>
  <datafield tag="650" ind1=" " ind2="7">
    <subfield code="a">Riches</subfield>
    <subfield code="v">Bandes dessin&#x11B;s</subfield>
    <subfield code="2">vmj</subfield>
  </datafield>
  <datafield tag="650" ind1=" " ind2="6">
    <subfield code="a">Marie-Lune (Personnage fictif : Douy)&#x30C;</subfield>
    <subfield code="v">Bandes dessin&#x11B;s</subfield>
  </datafield>
  <datafield tag="650" ind1=" " ind2="6">
    <subfield code="a">Adolescentes</subfield>
    <subfield code="v">Bandes dessin&#x11B;s</subfield>
  </datafield>
  <datafield tag="650" ind1=" " ind2="6">
    <subfield code="a">Magasinage</subfield>
    <subfield code="v">Bandes dessin&#x11B;s</subfield>
  </datafield>
  <datafield tag="650" ind1=" " ind2="6">
    <subfield code="a">Riches</subfield>
    <subfield code="v">Bandes dessin&#x11B;s</subfield>
  </datafield>
  <datafield tag="700" ind1="0" ind2=" ">
    <subfield code="a">Yllya,</subfield>
    <subfield code="d">1982-</subfield>
    <subfield code="e">ill.</subfield>
  </datafield>
  <datafield tag="740" ind1="0" ind2=" ">
    <subfield code="a">Je dp&#x30C;ense donc je suis.</subfield>
  </datafield>
  <datafield tag="740" ind1="0" ind2=" ">
    <subfield code="a">Au secours, j'ai perdu ma meilleure amie!</subfield>
  </datafield>
  <datafield tag="740" ind1="0" ind2=" ">
    <subfield code="a">Je suis trop love de lui!</subfield>
  </datafield>
  <datafield tag="740" ind1="0" ind2=" ">
    <subfield code="a">C'est officiel-- je la d&#x165;este!</subfield>
  </datafield>
  <datafield tag="740" ind1="0" ind2=" ">
    <subfield code="a">Help! j'ai la tt&#x30A;e  l&#x309;'envers.</subfield>
  </datafield>
  <datafield tag="740" ind1="0" ind2=" ">
    <subfield code="a">Ne me laisse pas tomber!</subfield>
  </datafield>
  <datafield tag="740" ind1="0" ind2=" ">
    <subfield code="a">Ma nouvelle vie!</subfield>
  </datafield>
  <datafield tag="740" ind1="0" ind2=" ">
    <subfield code="a">Plus moche la vie!</subfield>
  </datafield>
  <datafield tag="740" ind1="0" ind2=" ">
    <subfield code="a">Je nage (presque) dans le bonheur.</subfield>
  </datafield>
  <datafield tag="740" ind1="0" ind2="2">
    <subfield code="a">Retour aux sources</subfield>
  </datafield>
  <datafield tag="942" ind1=" " ind2=" ">
    <subfield code="2">ddc</subfield>
    <subfield code="c">BD</subfield>
  </datafield>
  <datafield tag="999" ind1=" " ind2=" ">
    <subfield code="c">18918</subfield>
    <subfield code="d">18918</subfield>
  </datafield>
  <datafield tag="952" ind1=" " ind2=" ">
    <subfield code="0">0</subfield>
    <subfield code="1">0</subfield>
    <subfield code="2">ddc</subfield>
    <subfield code="4">0</subfield>
    <subfield code="7">0</subfield>
    <subfield code="a">HENRYVILLE</subfield>
    <subfield code="b">HENRYVILLE</subfield>
    <subfield code="d">2026-06-30</subfield>
    <subfield code="l">0</subfield>
    <subfield code="o">BD MAR v.03	</subfield>
    <subfield code="p">30001030039418</subfield>
    <subfield code="r">2026-06-30 18:56:50</subfield>
    <subfield code="w">2026-06-30</subfield>
    <subfield code="y">BD</subfield>
    <subfield code="z">Je suis trop love de lui !</subfield>
  </datafield>
</record>
